000 02430nas a2200589 4500
999 _c7797
_d7797
001 7797
003 BD - JhCC
005 20180723195107.0
008 751101c19599999dcubn1p 0 a0eng u
022 0 _a0024-1822
032 _aBD - JhCC
_bUSPS
035 _a(BD - JhCC)7797
035 _aMITb10291079
035 _a(OCoLC)01755825
035 _aGLIS00291079
035 _aFAX022113
040 _cMUL
_dYUS
_dNSD
_dCOO
_dNSD
_dm.c.
_dNSD
_dAIP
_dNSD
_dAIP
_dNSD
_dAIP
_dNSD
_dNST
_dMYG
_dBD - JhCC
_aBD-JhCC
041 _aeng
082 _bLOC 1955
_a808.8
099 _aLB.L695
099 _aLB
_a.L695
100 _aLocke, Louis G.
245 0 0 _aToward Liberal education /
_ced. by Louis G. Locke, Willam M. Gibson and George Arms
260 _aWashington [etc.]
_bAssociation of American Colleges.
300 _a830 p. :
_bdiagrs.
_c24 cm.
321 _aQuarterly,
_bMar. 1959-
500 _a"The bulletin of the Association of American Colleges."
504 _aIncludes index.
510 1 _aEducation index
_x0013-1385
510 2 _aAmerica, history and life
_x0002-7065
_b1963-
510 2 _aCurrent index to journals in education
_x0011-3565
510 2 _aHistorical abstracts. Part A. Modern history abstracts
_x0363-2717
_b1963-
510 2 _aHistorical abstracts. Part B. Twentieth century abstracts
_x0363-2725
_b1963-
510 2 _aSocial welfare, social planning/policy & social development
_x0195-7988
510 2 _aSociological abstracts
_x0038-0202
520 _aIncludes the Association's proceedings.
650 _aLiterature
700 _aGibson, Willam M.
700 _aArms, George
936 _aUnknown
_aMar./Apr. 1987
942 _2ddc
_cBK
949 9 9 _aMYPH
_jv.45, 1959-
956 4 1 _uhttp://owens.mit.edu/sfx%5Flocal?rft.object%5Fid=963017932433&url%5Fver=Z39.88-2004&ctx%5Fver=Z39.88-2004&ctx%5Fenc=info:ofi/enc:UTF-8&rfr%5Fid=info:sid/sfxit.com:opac%5F856&url%5Fctx%5Ffmt=info:ofi/fmt:kev:mtx:ctx&sfx.ignore%5Fdate%5Fthreshold=1&svc%5Fval%5Ffmt=info:ofi/fmt:kev:mtx:sch%5Fsvc&